Il marxismo e la persona umana /

Enregistré dans:
Détails bibliographiques
Auteur principal: Schaff, Adam (Auteur)
Autres auteurs: Tulli, Ludovico
Format: Livre
Langue:italien
Publié: Milano : Feltrinelli, 1977
Édition:2. ed
Collection:Sc/10 ; 43
Tags: Ajouter un tag
Pas de tags, Soyez le premier à ajouter un tag!

MARC

LEADER 00000nam a22000007i 4500
001 IT\ICCU\IEI\0164744
003 ItRI
005 20260115232227.0
008 010402s1977 it |||||| ||||| |||||c
040 |b ita  |c importazione bologna sebina 
041 7 |a ita  |2 ISO-639-2 
100 1 |a Schaff, Adam  |0 IT\ICCU\CFIV\041836  |4 aut 
240 1 0 |a Marksizm a jednostka ludzka.  |3 IT\ICCU\SBL\0534054  |9 Schaff, Adam 
245 1 3 |a Il marxismo e la persona umana /  |c Adam Schaff. 
250 |a 2. ed 
260 |a Milano :  |b Feltrinelli,  |c 1977 
300 |a 255 p. ;  |c 20 cm 
500 |a Trad. di Ludovico Tulli. 
700 1 |a Tulli, Ludovico  |0 IT\ICCU\SBLV\025123 
830 0 |a Sc/10 ;  |v 43  |0 IT\ICCU\RAV\0000122 
942 |2 ddc  |c BK  |n 0 
952 |0 0  |1 0  |4 0  |6 DOC_146_320000000000000_SCH  |7 0  |9 22418  |a BO  |b BO  |d 2026-01-15  |i 6491  |l 0  |o DOC 146.32 SCH  |p BO6491  |r 2026-01-15 23:22:27  |w 2026-01-15  |x [Sebina 5] [1 v.]  |y BK  |z 1 v. 
999 |c 19145  |d 19145